Name any Valid Palindrome - Statistics

General Stats
  • This quiz has been taken 23 times
    22 since last reset
  • The average score is 2 of 10
Answer Stats
Category Answer % Correct
Transport Kayak | Racecar
60%
Time of Day Noon | Eve
60%
Family Member Mom | Dad
50%
Phobia Aibohphobia
20%
Animal Ewe | Pup
10%
Food Naan
10%
Language Malayalam
5%
Currency Anna | Senes | Pullup
0%
Building Civic | Hallah
0%
12+ Letters Tattarrattat
0%
No matching quizzes found
Score Distribution
Percent of People with Each Score
Percentile by Number Answered
Your Score History
You have not taken this quiz since the last reset